[Event "Polanica Zdroj op-C 52nd"]
[Site "Polanica Zdroj"]
[Date "2016.08.28"]
[Round "9"]
[White "Sowa, Wiktoria"]
[Black "Milanowski, Jan"]
[Result "1-0"]
[WhiteElo "1577"]
[BlackElo "1843"]
[PlyCount "39"]
[EventDate "2016.08.20"]
[EventType "swiss"]
[EventRounds "9"]
[EventCountry "POL"]
[SourceTitle "CBM 174 Extra"]
[Source "ChessBase"]
[SourceDate "2016.10.10"]
[SourceVersion "1"]
[SourceVersionDate "2016.10.10"]
[SourceQuality "1"]

1. e4 d6 2. d4 Nf6 3. Nc3 c6 4. a4 e5 5. h3 a5 6. Nf3 Qc7 7. Bc4 Be7 8. 0-0 0-0 9. Re1 Na6 10. b3 Bd7 11. Bb2 h6 12. Bf1 Be6 13. Ne2 Nd7 14. Ng3 f6 15. Nh4 Kh7 16. Ngf5 Rf7 17. Qh5 Nf8 18. Re3 Nb4 19. Rg3 Nxc2 20. Rxg7+ 1-0